|
|
|
|
| LEADER |
00000nam a22000007a 4500 |
| 005 |
2020052606026.0 |
| 007 |
cr|||| |||| |
| 008 |
200526s2020 es |||||s|||| 00||0 spa d |
| 020 |
|
|
|a 978-84-1324-630-7
|
| 035 |
|
|
|a 31469
|
| 040 |
|
|
|a vLex
|
| 090 |
|
|
|c 10396
|d 10396
|
| 100 |
1 |
|
|a Conforti, Franco
|
| 245 |
1 |
0 |
|a Estudios para la paz desde el derecho penal
|h [Recurso electrn̤ico] /
|c Franco Conforti
|
| 256 |
|
|
|a Servicio en ln̕ea
|
| 260 |
|
|
|a Madrid:
|b Dykinson,
|c 2020
|
| 300 |
|
|
|a 1 recurso electrn̤ico
|
| 500 |
|
|
|a Argumentacin̤ del hecho jurd̕ico restaurable.
|
| 506 |
1 |
|
|a Disponible solo en los productos indicados
|d vLex Global
|d vLex Global (Academic Edition, excluding Law Schools)
|d vLex Global (U.S. Academic Edition, Law Schools)
|d vLex Global (U.S. Academic Edition, excluding Law Schools)
|d vLex Global (Academic Edition, Law Schools)
|
| 650 |
0 |
4 |
|a Derecho Penal
|z Espaą
|
| 740 |
0 |
|
|a vLex Libros (Servicio en ln̕ea)
|
| 856 |
4 |
0 |
|u http://vlex.com/source/estudios-paz-derecho-penal-31469
|z Acceso restringido
|
| 942 |
|
|
|c BOOK
|
| 999 |
0 |
|
|a Criminal law
|